000 01273cam a2200253 a 4500
001 3197
003 BD-RjUL
005 20211208233707.0
008 131218s1965 enk 000 0 eng d
035 _a(BD-RjUL)3231
_aOCLC ocm11706108 from D951209M
040 _aSBL
_cSBL
_dEQO
_dBD-RjUL
_beng
041 _aeng
082 0 4 _219
_a336.2
_bDOH 1965
100 1 _aDowell, Stephen,
_d1833-1898.
_910113
245 1 2 _aA history of taxation and taxes in England :
_bfrom the earliest times to the present day /
_cStephen Dowell.
_nV-1
250 _a3rd ed /
260 _aLondon :
_bFrank Cass,
_c1965.
300 _axxxi, 244 p. ;
_c22 cm.
500 _aFirst edition published in 4 vols: Longmans Green, 1884. Third ed contains two additional volumes by A.R. Ilersic
505 0 _av. 1. Taxation from the earliest times to the Civil War / with a new introduction by A.R. Ilersic -- v. 2. Taxation from the Civil War to the present day -- v. 3. Direct taxes and stamp duties -- v. 4 Taxes on articles of consumption -- v. 5. Budgetary and fiscal policy 1885-1965 / by A.R. Ilersic -- v. 6. Development of the tax system 1885-1965 / by A.R. Ilersic
650 0 _aTaxation
_zEngland
_xHistory.
_910114
700 1 _aIlersic, A. R.
_q(Alfred Roman),
_d1920-
_910115
942 _2ddc
_cBK
999 _c3197
_d3197